000 00843npm a2200241 i 4500
001 5344
003 ES-MaACL
005 20230908145652.0
007 hzrazu bucu
008 900503r19901808sp b 00010 spa d
080 _a32(46)"18"(082.2)
245 0 0 _aAl rey nuestro señor Don Fernando VII en sus dias
_b: [Microforma] /
_cLa Nacion.
260 _aMadrid :
_bAteneo Cientifico, Literario y Artistico,
_c1990.
300 _aEn microficha n. 1 :
_bnegativo.
490 1 _aMiscelánea patriótica
500 _aPublicado originalmente: [s.l.], [s.n.], ca. 1808.
501 _aCon: otras obras formando un v. facticio: "Miscelanea patriotica"
650 1 4 _aObras de 1800.
_915662
830 0 _aMiscelánea patriótica
_9176588
852 _aES-MaACL
_jMCF-42
_95461
_cDEPO1
942 _2udc
_cMICROFORMA
999 _c5344
_d5344